000 01084nam2a2200253 4500
001 rc\2963262
005 20260315061151.0
035 _a(NLR Aleph) 007109775
090 _a13605614
_c13605614
100 _a20110904d1934 u y0rusy50 ca
101 0 _arus
102 _aRU
105 _ay z |||||
200 0 _aВып. 1
210 _d1934
215 _a103, [2] с.
300 _aРезюме на франц. яз.
300 _aПродолжение см. в ОНЛ
461 0 _1001rc\2963261
_12000#$aActa rheumatologica$eВып. 1-$fПод ред. д-ра Г.П. Мамаладзе и доц. Н.Г. Кониашвили$gКом. по изучению и борьбе с ревматизмом и суставным заболеванием при НКЗ Грузии$vВып. 1
_96755875
_cТифлис
_d1934
_fПод ред. д-ра Г.П. Мамаладзе и доц. Н.Г. Кониашвили
_nБ. и.
_oВып. 1-
_tActa rheumatologica
_vВып. 1
801 0 _aRU
_bNLR
_gpsbo
801 1 _aRU
_bELAR
_2rusmarc
852 _aNLR
_j34-18/567
942 _cUNSPEC
980 _aNB